Teoría monetaria y política pública (Registro nro. 4512)
[ vista simple ]
| 000 -LEADER | |
|---|---|
| fixed length control field | 01647 a2200205 4500 |
| 001 - CONTROL NUMBER | |
| control field | 47983 |
| 005 - DATE AND TIME OF LATEST TRANSACTION | |
| control field | 20260407155746.0 |
| 008 - FIXED-LENGTH DATA ELEMENTS--GENERAL INFORMATION | |
| fixed length control field | 260407a1969 arg spa d |
| 003 - CONTROL NUMBER IDENTIFIER | |
| control field | AR-UNSa-BCEJYS |
| 040 ## - CATALOGING SOURCE | |
| Original cataloging agency | AR-UNSa-BCEJYS |
| Language of cataloging | spa |
| Transcribing agency | AR-UNSa-BCEJYS |
| 080 ## - UNIVERSAL DECIMAL CLASSIFICATION NUMBER | |
| Universal Decimal Classification number | 336.74 |
| Common auxiliary subdivision | Moneda. Sistema monetario |
| 100 1# - MAIN ENTRY--PERSONAL NAME | |
| Personal name | Pimentel, Rubén C. |
| 245 10 - TITLE STATEMENT | |
| Title | Teoría monetaria y política pública |
| 264 #1 - PRODUCTION, PUBLICATION, DISTRIBUTION, MANUFACTURE, AND COPYRIGHT NOTICE | |
| Place of production, publication, distribution, manufacture | México : |
| Name of producer, publisher, distributor, manufacturer | Fondo de Cultura Económica |
| Date of production, publication, distribution, manufacture, or copyright notice | 1969 |
| 300 ## - PHYSICAL DESCRIPTION | |
| Extent | 339 p. |
| Dimensions | 21 cm. |
| 505 ## - FORMATTED CONTENTS NOTE | |
| Formatted contents note | 1. Introducción - Parte I: El dinero y los precios generales: 2. El valor interno del dinero -3. Creación y destrucción del dinero - 4. Teoría de la inflación - 5. Políticas anti-inflacionarias - Parte II: El interés, el ingreso y la ocupación: 6. Teoría de la preferencia por la la liquidez - 7. Política del interés y ocupación plena - 8. Teoría no-keynesianas del ahorro y la inversión - 9. Demanda total e ingreso nacional - 10. La función consumo - 11. Ahorro e inversión - 12. Teorías del multiplicador y de la aceleración - 13. Equilibrio de sub-ocupación secular - 14. Medidas para fomentar la inversión - 15. Medidas para elevar la función consumo - 16. Epílogo sobre la política de ocupación plena - Parte II: Equilibrio nacional vs. internacional: 17. Valor externo del dinero- El patrón oro - 18. Valor externo del dinero- El patrón papel-moneda - 19. El Fondo Monetario Internacional - El patrón mixto - 20. Soberanía monetaria y equilibrio internacional - 21. Inversión extranjera, el Banco Mundial y la ocupación - |
| 590 ## - LOCAL NOTE (RLIN) | |
| Local note | niveau_biblio:m niveau_hierar:0 |
| 700 1# - ADDED ENTRY--PERSONAL NAME | |
| Personal name | Kurihara, Kenneth k. |
| 942 ## - ADDED ENTRY ELEMENTS (KOHA) | |
| Koha item type | |
| Withdrawn status | Lost status | Damaged status | Not for loan | Home library | Current library | Shelving location | Date acquired | Total checkouts | Full call number | Barcode | Date last seen | Price effective from | Koha item type |
|---|---|---|---|---|---|---|---|---|---|---|---|---|---|
| Biblioteca Prof. Eusebio Cleto del Rey | Biblioteca Prof. Eusebio Cleto del Rey | 07/04/2026 | 336.74 K95 | L23468 | 07/04/2026 | 07/04/2026 | Libro | ||||||
| Biblioteca Prof. Eusebio Cleto del Rey | Biblioteca Prof. Eusebio Cleto del Rey | 07/04/2026 | 336.74 K95 | L22330 | 07/04/2026 | 07/04/2026 | Libro | ||||||
| Biblioteca Prof. Eusebio Cleto del Rey | Biblioteca Prof. Eusebio Cleto del Rey | 07/04/2026 | 336.74 K95 | L22329 | 07/04/2026 | 07/04/2026 | Libro |